FRUTAS I VERDURAS DE LA A - Z - Estadísticas

Estadísticas generales
  • Esta prueba ha sido intentada 261 veces
  • La puntuación promedio es 15 de 22
Estadísticas de respuestas
Imagen Respuesta % Correcto
Banana
99%
Kiwi
93%
Limón
91%
Tomate
91%
Sandía
89%
Frambuesa
88%
Zanahoria
88%
Naranja
84%
Arándanos
80%
Higo
79%
Granada
74%
Oliva
72%
Pomelo
67%
Dátil
66%
Espinaca
60%
Judía
60%
Maracuyá
50%
Caqui
48%
Yuca
43%
Rúcula
35%
Iceberg
20%
Vainilla
17%
No se encontraron pruebas coincidentes
Distribución de puntuación
Porcentaje de gente con cada puntuación
Porcentaje por número respondido
Historial de tus puntuaciones
No has intentado esta prueba.